La paz imaginada por quienes la construyen : iniciativas civiles de paz de base social identifican sus sueños de paz (Registro nro. 479270)

Detalles MARC
001 - NÚMERO DE CONTROL
campo de control 1102134
005 - FECHA Y HORA DE LA ÚLTIMA TRANSACCIÓN
campo de control 20240202090041.0
008 - DATOS DE LONGITUD FIJA--INFORMACIÓN GENERAL
campo de control de longitud fija 080909s2008 spa
035 ## - NÚMERO DE CONTROL DEL SISTEMA
Número de control de sistema 1102134
035 ## - NÚMERO DE CONTROL DEL SISTEMA
Número de control de sistema (OCoLC)820440021
040 ## - FUENTE DE LA CATALOGACIÓN
Centro/agencia transcriptor comduadb
041 ## - CÓDIGO DE LENGUA
Código de lengua del texto/banda sonora o título independiente spa
100 10 - ENTRADA PRINCIPAL--NOMBRE DE PERSONA
Nombre de persona Hernandez Delgado, Esperanza
Código de función aut
Término indicativo de función/relación Autor/a
9 (RLIN) 332887
245 13 - MENCIÓN DE TÍTULO
Título La paz imaginada por quienes la construyen : iniciativas civiles de paz de base social identifican sus sueños de paz
260 ## - PUBLICACIÓN, DISTRIBUCIÓN, ETC.
Fecha de publicación, distribución, etc. 2008.
520 3# - SUMARIO, ETC.
Sumario, etc. Este artículo recoge los hallazgos generales de la investigación para la paz realizada por Esperanza Hernández Delgado con apoyo del Programa Redes del Programa de Naciones Unidas para el Desarrollo - PNUD -, en el periodo comprendido entre octubre del 2006 y octubre del 2007, y que tenía por finalidad identificar, recoger y difundir los imaginarios o sueños de paz de 12 iniciativas civiles de paz de base social -ICPdeBS-. Entre ellas: experiencias indígenas, afrocolombianas, campesinas, asambleas municipales constituyentes de mujeres y de jóvenes. Se consideró como un aporte a la paz de este país, la identificación de los imaginarios de paz de las ICPdeBS, por considerar que en estas experiencias en forma significativa y perfectible se construye y propone la paz, para aprender de sus enseñanzas, generar políticas públicas de paz y posibilitar alianzas estratégicas que permitan fortalecerlas y materializar sus sueños de paz.
650 #7 - PUNTO DE ACCESO ADICIONAL DE MATERIA--TÉRMINO DE MATERIA
Término de materia o nombre geográfico como elemento de entrada Cultura de paz
Fuente del encabezamiento o término lemb
9 (RLIN) 23205
650 ## - PUNTO DE ACCESO ADICIONAL DE MATERIA--TÉRMINO DE MATERIA
Término de materia o nombre geográfico como elemento de entrada Movimientos por la paz
9 (RLIN) 151568
650 #7 - PUNTO DE ACCESO ADICIONAL DE MATERIA--TÉRMINO DE MATERIA
Término de materia o nombre geográfico como elemento de entrada Representaciones sociales
Fuente del encabezamiento o término armarc
9 (RLIN) 72358
773 0# - ENLACE AL DOCUMENTO FUENTE/ENTRADA DE REGISTRO ANFITRIÓN
Título Reflexión Política (Bucaramanga)
Parte(s) relacionada(s) Volumen 10, Número 19, Junio 2008, p. 134-147
Número de control del registro 645959
Número Internacional Normalizado para Publicaciones Seriadas 0124-0781
Número bibliográfico anfitrión 191867
942 ## - ELEMENTOS DE ENTRADA AGREGADA (KOHA)
Tipo de ítem Koha Artículo de Revista

No hay ítems disponibles.